[Event "Friendly Thematic Games"]
[Site "SchemingMind.com"]
[Date "2009.01.26"]
[Round "-"]
[White "kisei"]
[Black "Norsland"]
[Result "0-1"]
[WhiteCountry "HUN"]
[BlackCountry "USA"]
[WhiteElo "1893"]
[WhiteRD "66"]
[BlackElo "1901"]
[BlackRD "84"]
[GameID "189224"]

1. Nc3 c5 2. e4 Nc6 3. Nf3 d6 4. d4 cxd4 5. Nxd4 e6 6. Bb5 Qc7 7. O-O Nf6 8. Nd5 exd5 9. exd5 Nxd5 10. Nxc6 bxc6
0-1

[Event "Friendly Thematic Games"]
[Site "SchemingMind.com"]
[Date "2009.01.26"]
[Round "-"]
[White "Norsland"]
[Black "kisei"]
[Result "1-0"]
[WhiteCountry "USA"]
[BlackCountry "HUN"]
[WhiteElo "1901"]
[WhiteRD "84"]
[BlackElo "1893"]
[BlackRD "66"]
[GameID "189225"]

1. Nc3 d5 2. e4 d4 3. Nce2 Nf6 4. Ng3 e5 5. Nf3 Bd6 6. Bc4 O-O 7. O-O h6 8. h3 c6 9. c3 dxc3 10. bxc3 b5
11. Bb3
1-0

[Event "Friendly Thematic Games"]
[Site "SchemingMind.com"]
[Date "2009.02.02"]
[Round "-"]
[White "jtrochez1"]
[Black "Norsland"]
[Result "0-1"]
[WhiteCountry "HON"]
[BlackCountry "USA"]
[WhiteElo "1578"]
[WhiteRD "51"]
[BlackElo "1929"]
[BlackRD "76"]
[GameID "190167"]

1. Nc3 c5 2. e4 Nc6 3. Nf3 d6 4. h3 g6 5. Bc4 Bg7 6. Ng5 Ne5 7. Bb5+ Bd7 8. Bxd7+ Nxd7 9. O-O h6 10. Nf3 a6
11. d4 cxd4 12. Nxd4 Ngf6 13. Be3 Rc8 14. f4 Rxc3 15. bxc3 Nxe4 16. Qe1 Qc7 17. Bd2 Ndc5 18. Nb3 Nxd2 19. Qxd2 Ne4 20. Qe3 Nxc3
21. Qe1 O-O 22. Kh1 b5 23. Qf2 Ne4 24. Qf3 Bxa1 25. Qxe4 Bf6 26. f5 Qc4 27. Qxc4 bxc4 28. Na5 c3 29. g4 Rb8 30. Nb3 a5
31. Rf4 Rb4 32. Rxb4 axb4 33. Kg2 gxf5 34. gxf5 d5 35. Kf3 e5 36. Nc5 Be7 37. Nd7 f6 38. Ke3 Kf7 39. h4 h5 40. Nb8 Bc5+
41. Kd3 Ke7 42. Na6 Bd6 43. Ke3 Kd7 44. Kd3 Kc6 45. Nxb4+ Bxb4
0-1

[Event "Friendly Thematic Games"]
[Site "SchemingMind.com"]
[Date "2009.02.03"]
[Round "-"]
[White "Norsland"]
[Black "jtrochez1"]
[Result "1-0"]
[WhiteCountry "USA"]
[BlackCountry "HON"]
[WhiteElo "1929"]
[WhiteRD "76"]
[BlackElo "1578"]
[BlackRD "51"]
[GameID "190169"]

1. Nc3 Nf6 2. g3 e6 3. Bg2 c6 4. Nf3 d6 5. O-O h6 6. h3 Be7 7. b4 O-O 8. Bb2 Nbd7 9. e3 Rb8 10. Ne2 e5
11. d3 c5 12. bxc5 dxc5 13. Nxe5 Nxe5 14. Bxe5 Bd6 15. Bxd6 Qxd6 16. Rb1 b6 17. c4 Bb7 18. Bxb7 Rxb7 19. Nc3 Qe6 20. Qf3 Re7
21. Kh2 Qd7 22. Nd5 Nxd5 23. cxd5 Re5 24. e4 f5 25. Qh5 Qd6 26. f4 Re7 27. Qf3 Rfe8 28. e5 Qg6 29. a4 a5 30. d6 Ra7
31. Rxb6 Qf7 32. Rf2 c4 33. dxc4 Qxc4 34. Qb3 Qxb3 35. Rxb3 Kf7 36. Rfb2 g5 37. Rb7+ Rxb7 38. Rxb7+ Kg6 39. d7 Rd8 40. Kg2 Kf7
41. Kf2 Ke6 42. Ke3 g4 43. h4 h5 44. Kd4 Rxd7+ 45. Rxd7 Kxd7 46. Kd5 Ke7 47. e6 Ke8 48. Ke5 Ke7 49. Kxf5
1-0

[Event "Friendly Thematic Games"]
[Site "SchemingMind.com"]
[Date "2009.02.13"]
[Round "-"]
[White "Heidi"]
[Black "jtrochez1"]
[Result "0-1"]
[WhiteCountry "USA"]
[BlackCountry "HON"]
[WhiteElo "946"]
[WhiteRD "62"]
[BlackElo "1546"]
[BlackRD "48"]
[GameID "192183"]

1. Nc3 g6 2. e4 e5 3. Nf3 d6 4. Bc4 Ne7 5. Qe2 Bg4 6. Bb5+ c6 7. Ba4 Bg7 8. d3 O-O 9. O-O d5 10. Bg5 d4
11. Nd1 Qd6 12. h3 Be6 13. Nh4 f6 14. c3 fxg5 15. Nxg6 Nxg6 16. Re1 Nf4 17. Qh5 Nxh5 18. cxd4 Qxd4 19. Bb3 Bxb3 20. axb3 Qxd3
21. f3 Qxb3 22. Re2 Nf4
0-1

[Event "Friendly Thematic Games"]
[Site "SchemingMind.com"]
[Date "2009.02.13"]
[Round "-"]
[White "Heidi"]
[Black "Norsland"]
[Result "0-1"]
[WhiteCountry "USA"]
[BlackCountry "USA"]
[WhiteElo "946"]
[WhiteRD "62"]
[BlackElo "1901"]
[BlackRD "84"]
[GameID "192185"]

1. Nc3 d5 2. d4 Nf6 3. Nf3 g6 4. e3 Bg7 5. Bd3 O-O 6. Ng5 Nbd7 7. Nxh7 Kxh7 8. h4 Rh8 9. h5 Kg8 10. hxg6 Rxh1+
11. Ke2 Rxd1 12. Nxd1 c5 13. dxc5 Nxc5 14. Bb5 fxg6 15. b3 Nfe4 16. Rb1 e5 17. Kf1 Qh4 18. c4 d4 19. Nb2 Qxf2#
0-1

[Event "Friendly Thematic Games"]
[Site "SchemingMind.com"]
[Date "2009.02.13"]
[Round "-"]
[White "jtrochez1"]
[Black "Heidi"]
[Result "1-0"]
[WhiteCountry "HON"]
[BlackCountry "USA"]
[WhiteElo "1546"]
[WhiteRD "48"]
[BlackElo "946"]
[BlackRD "62"]
[GameID "192186"]

1. Nc3 e5 2. e4 Nc6 3. Nf3 Nf6 4. d3 Bc5 5. h3 d6 6. a3 Ng4 7. hxg4 O-O 8. Be2 Bxg4 9. Bg5 Qd7 10. Nd5 a5
11. c3 b5 12. Nh4 Rae8 13. Bxg4 Re6 14. Bxe6 Qxe6 15. Nf5 Qg6 16. Nde7+ Nxe7 17. Nxe7+
1-0

[Event "Friendly Thematic Games"]
[Site "SchemingMind.com"]
[Date "2009.02.13"]
[Round "-"]
[White "Norsland"]
[Black "Heidi"]
[Result "1-0"]
[WhiteCountry "USA"]
[BlackCountry "USA"]
[WhiteElo "1901"]
[WhiteRD "84"]
[BlackElo "946"]
[BlackRD "62"]
[GameID "192188"]

1. Nc3 e5 2. Nf3 e4 3. Nxe4 d5 4. Ng3 Bc5 5. d4 Bb4+ 6. c3 Ba5 7. e4 dxe4 8. Nxe4 Qd5 9. Qe2 Bd7 10. Nf6+ Kd8
11. Nxd5 c6 12. Ne5 cxd5 13. Nxf7+ Kc8 14. Nxh8 Nc6 15. Nf7 Bc7 16. Ne5 Nxe5 17. dxe5 Bb6 18. e6 Kc7 19. Bf4+ Kd8 20. exd7
1-0

[Event "Friendly Thematic Games"]
[Site "SchemingMind.com"]
[Date "2009.02.18"]
[Round "-"]
[White "maro"]
[Black "jtrochez1"]
[Result "0-1"]
[WhiteCountry "MEX"]
[BlackCountry "HON"]
[WhiteElo "1340"]
[WhiteRD "48"]
[BlackElo "1580"]
[BlackRD "48"]
[GameID "192998"]

1. Nc3 g6 2. Nf3 Nc6 3. e3 Nf6 4. b3 Bg7 5. Bb2 d6 6. d4 Bg4 7. Be2 e6 8. d5 exd5 9. Nxd5 O-O 10. Bxf6 Bxf6
11. Nxf6+ Qxf6 12. O-O Ne5 13. Nxe5 Bxe2 14. Qxe2 Qxe5 15. Rad1 Rad8 16. g3 Qb2 17. Ra1 c6 18. e4 a6 19. Rfd1 Qg7 20. f4 Rfe8
21. Re1 d5 22. e5 Re6 23. Rad1 Kf8 24. c4 Ke8 25. cxd5 cxd5 26. Rd4 Rd7 27. Red1 Qf8 28. Rxd5 Rxd5 29. Rxd5 Qe7 30. Qe4 Qa3
31. Rc5 Qxc5+
0-1

[Event "Friendly Thematic Games"]
[Site "SchemingMind.com"]
[Date "2009.02.19"]
[Round "-"]
[White "maro"]
[Black "Norsland"]
[Result "0-1"]
[WhiteCountry "MEX"]
[BlackCountry "USA"]
[WhiteElo "1340"]
[WhiteRD "48"]
[BlackElo "1914"]
[BlackRD "74"]
[GameID "193000"]

1. Nc3 c5 2. e4 e6 3. b3 Nc6 4. Ba3 Qa5 5. Na4 Nf6 6. Nxc5 Qxa3 7. Na4 Bc5 8. Nf3 Nxe4 9. Bd3 Nxf2 10. Qb1 Nxd3+
11. cxd3 b5 12. Nxc5 Qxc5 13. d4 Nxd4 14. Qd3 Nc2+ 15. Ke2 Nxa1 16. Rxa1 Bb7 17. Rf1 Rc8 18. Ne1 Qe5+ 19. Qe3 Qxe3+ 20. Kxe3 Rc1
0-1

[Event "Friendly Thematic Games"]
[Site "SchemingMind.com"]
[Date "2009.02.19"]
[Round "-"]
[White "maro"]
[Black "Heidi"]
[Result "1-0"]
[WhiteCountry "MEX"]
[BlackCountry "USA"]
[WhiteElo "1326"]
[WhiteRD "50"]
[BlackElo "946"]
[BlackRD "62"]
[GameID "193001"]

1. Nc3 e5 2. d4 exd4 3. Qxd4 Nc6 4. Qd5 Nf6 5. Qd3 d5 6. Bf4 Be6 7. O-O-O Bc5 8. Qb5 a6 9. Qxb7 Kd7 10. e3 Nb4
11. e4 Nxa2+ 12. Nxa2 d4 13. e5 Nh5 14. Bb5+ Ke7 15. Bg5+ f6 16. exf6+ Kd6 17. Qc6+ Ke5 18. Re1+ Kf5 19. Qxc5+ Kg6 20. Bd3+ Bf5
21. Qxf5+ Kf7 22. Bc4+ Kf8 23. fxg7+ Kxg7 24. Bxd8 Raxd8 25. Qxh5 d3 26. Qf7+ Kh6 27. Qf6+ Kh5 28. Bf7+ Kg4 29. Re4#
1-0

[Event "Friendly Thematic Games"]
[Site "SchemingMind.com"]
[Date "2009.02.18"]
[Round "-"]
[White "jtrochez1"]
[Black "maro"]
[Result "1-0"]
[WhiteCountry "HON"]
[BlackCountry "MEX"]
[WhiteElo "1580"]
[WhiteRD "48"]
[BlackElo "1340"]
[BlackRD "48"]
[GameID "193002"]

1. Nc3 d6 2. e4 Nc6 3. Nf3 Nf6 4. h3 e5 5. d4 exd4 6. Nxd4 Ne5 7. Nf3 Nxf3+ 8. Qxf3 Be7 9. Bc4 Be6 10. Bxe6 fxe6
11. O-O O-O 12. Qe2 d5 13. exd5 exd5 14. Bd2 d4 15. Ne4 Nxe4 16. Qxe4 Bc5 17. Rad1 d3 18. cxd3 Re8 19. Qc4+ Kh8 20. Qxc5 Qf6
21. Bc3 Qg6 22. Qxc7 h6 23. d4
1-0

[Event "Friendly Thematic Games"]
[Site "SchemingMind.com"]
[Date "2009.02.19"]
[Round "-"]
[White "Norsland"]
[Black "maro"]
[Result "1-0"]
[WhiteCountry "USA"]
[BlackCountry "MEX"]
[WhiteElo "1914"]
[WhiteRD "74"]
[BlackElo "1340"]
[BlackRD "48"]
[GameID "193004"]

1. Nc3 e5 2. Nf3 d6 3. d4 Nc6 4. dxe5 Nxe5 5. Nxe5 dxe5 6. Qxd8+ Kxd8 7. g3 Be6 8. Bg2 Bc5 9. O-O Nf6 10. Bg5 Be7
11. Rad1+ Bd7 12. Bxf6 Bxf6 13. Bh3 Bg5 14. Rxd7+ Ke8 15. Nd5 c6 16. Nc7+
1-0

[Event "Friendly Thematic Games"]
[Site "SchemingMind.com"]
[Date "2009.02.19"]
[Round "-"]
[White "Heidi"]
[Black "maro"]
[Result "0-1"]
[WhiteCountry "USA"]
[BlackCountry "MEX"]
[WhiteElo "946"]
[WhiteRD "62"]
[BlackElo "1326"]
[BlackRD "50"]
[GameID "193005"]

1. Nc3 e6 2. e4 c6 3. d4 Bd6 4. Nf3 Na6 5. Bg5 Nf6 6. e5 Bb4 7. a3 Be7 8. exf6 Bxf6 9. Qd2 b6 10. Qf4 O-O
11. h4 h6 12. Bxf6 gxf6 13. Rh3 e5 14. Qxh6 exd4 15. Nxd4 Re8+ 16. Nde2 d6 17. Rd1 Bxh3 18. gxh3 Nc5 19. Rd4 b5 20. Kd1 f5
21. Rg4+ Qg5 22. Qxg5+ Kf8 23. Nd4 fxg4 24. Qxg4 Nb7 25. Bd3 a6 26. Bf5 c5 27. Ne6+ Rxe6 28. Nd5 Ree8 29. Bh7 Re5 30. Nf6 c4
31. Bg8 Ke7 32. Qd7+ Kxf6 33. Qxb7 Rxg8 34. Qxa6 Rg1+ 35. Kd2 c3+ 36. Kxc3 Rc5+ 37. Kd4 Rd1+ 38. Ke3 Re5+ 39. Kf3 Kf5 40. Qa4 bxa4
0-1

[Event "Friendly Thematic Games"]
[Site "SchemingMind.com"]
[Date "2009.02.23"]
[Round "-"]
[White "Shanks"]
[Black "jtrochez1"]
[Result "1/2-1/2"]
[WhiteCountry "ENG"]
[BlackCountry "HON"]
[WhiteElo "1472"]
[WhiteRD "70"]
[BlackElo "1534"]
[BlackRD "51"]
[GameID "193200"]

1. Nc3 Nf6 2. d4 d5 3. Nf3 Nc6 4. a3 e6 5. e3 a6 6. Nb1 h6 7. c3 Bd6 8. Nbd2 O-O 9. Be2 Ne4 10. Nxe4 dxe4
11. Nd2 Be7 12. Nxe4 Bf6 13. Nxf6+ Qxf6 14. O-O Ne7 15. Bd2 Bd7 16. Qc2 Bc6 17. b4 b6 18. a4 Qg6 19. Qxg6 Nxg6 20. h3 b5
21. a5 Bb7 22. Rac1 c6 23. f4 f5 24. Bh5 Ne7 25. Bf3 Rad8 26. Be1 Nd5 27. Bf2 Nf6 28. c4 Ne4 29. Bxe4 fxe4 30. c5 Rde8
31. Rcd1 Bc8 32. Bg3 Rf5 33. Bh2=
1/2-1/2

[Event "Friendly Thematic Games"]
[Site "SchemingMind.com"]
[Date "2009.02.23"]
[Round "-"]
[White "Shanks"]
[Black "maro"]
[Result "1-0"]
[WhiteCountry "ENG"]
[BlackCountry "MEX"]
[WhiteElo "1412"]
[WhiteRD "76"]
[BlackElo "1353"]
[BlackRD "49"]
[GameID "193202"]

1. Nc3 d5 2. d4 Nc6 3. Nf3 Nf6 4. h3 e6 5. a3 g6 6. e3 b6 7. Be2 Bh6 8. O-O g5 9. Nh2 Qd6 10. Nb5 Qd7
11. Nc3 Ne4 12. Nxe4 dxe4 13. c3 Qd6 14. Bd2 e5 15. dxe5 Nxe5 16. Ng4 Nxg4 17. hxg4 Bf8 18. Qc2 Qe5 19. c4 Ba6 20. Bc3 Qd6
21. Qxe4+ Be7 22. Qxa8+ Bd8 23. Bxh8
1-0

[Event "Friendly Thematic Games"]
[Site "SchemingMind.com"]
[Date "2009.02.23"]
[Round "-"]
[White "Shanks"]
[Black "Norsland"]
[Result "0-1"]
[WhiteCountry "ENG"]
[BlackCountry "USA"]
[WhiteElo "1412"]
[WhiteRD "76"]
[BlackElo "1929"]
[BlackRD "76"]
[GameID "193203"]

1. Nc3 d5 2. d4 Nf6 3. Nf3 g6 4. g3 Bg7 5. Bg2 O-O 6. O-O Re8 7. Ne5 c6 8. Be3 Bf5 9. Nb1 Nbd7 10. Nxd7 Qxd7
11. Nd2 Bh3 12. Re1 Bxg2 13. Kxg2 Ng4 14. Bf4 Bxd4 15. e3 Bg7 16. c3 e5 17. Bg5 Qf5 18. f4 h6 19. Bh4 exf4 20. exf4 Ne3+
21. Rxe3 Rxe3 22. Qf1 Rae8 23. Nf3 Qc2+ 24. Kh3 Qxb2 25. Rb1 Rxf3 26. Qxf3 Qxb1 27. a4 Re3 28. Qg2 Qf5#
0-1

[Event "Friendly Thematic Games"]
[Site "SchemingMind.com"]
[Date "2009.02.24"]
[Round "-"]
[White "Shanks"]
[Black "Heidi"]
[Result "1-0"]
[WhiteCountry "ENG"]
[BlackCountry "USA"]
[WhiteElo "1472"]
[WhiteRD "70"]
[BlackElo "993"]
[BlackRD "71"]
[GameID "193204"]

1. Nc3 e5 2. e4 Nc6 3. a3 Nf6 4. g3 Bc5 5. Bg2 d6 6. Nge2 Bd7 7. O-O Qe7 8. Nd5 Nxd5 9. exd5 Na5 10. b4 Bb6
11. bxa5 Bxa5 12. Bb2 O-O 13. c4 Qg5 14. Bc3 b6 15. Bxa5 bxa5 16. d3 Rae8 17. h4 Qf6 18. Nc3 c6 19. dxc6 Bc8 20. Nb5 Be6
21. Nxd6 Rd8 22. Nb7 Rd7 23. cxd7 Bxd7 24. Nxa5 Re8 25. Rc1 h5 26. c5 Bg4 27. Qd2 e4 28. dxe4 Re5 29. Nb3 g5 30. hxg5 Rxg5
31. f4 h4 32. fxg5 Qg6 33. Qd8+ Kg7 34. Qf6+
1-0

[Event "Friendly Thematic Games"]
[Site "SchemingMind.com"]
[Date "2009.02.24"]
[Round "-"]
[White "jtrochez1"]
[Black "Shanks"]
[Result "1-0"]
[WhiteCountry "HON"]
[BlackCountry "ENG"]
[WhiteElo "1534"]
[WhiteRD "51"]
[BlackElo "1472"]
[BlackRD "70"]
[GameID "193205"]

1. Nc3 d6 2. e4 e5 3. Bc4 Nf6 4. h3 Be7 5. d3 O-O 6. Nf3 h6 7. Be3 Nbd7 8. Qd2 a6 9. O-O-O Nh7 10. Nh2 b5
11. Bd5 Rb8 12. f4 exf4 13. Bxf4 Nhf6 14. Bb3 b4 15. Nd5 Nxd5 16. Bxd5 Nf6 17. Bb3 a5 18. g4 Nd7 19. Nf3 Nf6 20. Rdg1 Bd7
21. g5 hxg5 22. Nxg5 Be8 23. e5 dxe5 24. Bxe5 Rb6 25. Ne4 Rb5 26. Bxf6 Bxf6 27. h4 Bxh4 28. Kb1 c5 29. Qh6 Bf6 30. Qh8#
1-0

[Event "Friendly Thematic Games"]
[Site "SchemingMind.com"]
[Date "2009.02.24"]
[Round "-"]
[White "maro"]
[Black "Shanks"]
[Result "1-0"]
[WhiteCountry "MEX"]
[BlackCountry "ENG"]
[WhiteElo "1353"]
[WhiteRD "49"]
[BlackElo "1412"]
[BlackRD "76"]
[GameID "193207"]

1. Nc3 d5 2. d4 c6 3. Bf4 Nd7 4. Nf3 h6 5. e3 a6 6. b4 b5 7. a4 Bb7 8. g3 e6 9. a5 Bxb4 10. Qd2 Ngf6
11. Bd3 Be7 12. O-O O-O 13. e4 dxe4 14. Nxe4 Nxe4 15. Bxe4 Nf6 16. Bd3 c5 17. dxc5 Bxf3 18. Be5 Bc6 19. Qf4 Bd5 20. Rad1 Qe8
21. Bd6 Bxd6 22. Qxd6 Bc6 23. Rfe1 Ra7 24. Rb1 Nd5 25. c4 bxc4 26. Rb8 Qd7 27. Qxf8#
1-0

[Event "Friendly Thematic Games"]
[Site "SchemingMind.com"]
[Date "2009.02.24"]
[Round "-"]
[White "Norsland"]
[Black "Shanks"]
[Result "1-0"]
[WhiteCountry "USA"]
[BlackCountry "ENG"]
[WhiteElo "1931"]
[WhiteRD "76"]
[BlackElo "1472"]
[BlackRD "70"]
[GameID "193208"]

1. Nc3 d6 2. d4 d5 3. e4 c6 4. Bf4 Nd7 5. exd5 cxd5 6. Nxd5 e6 7. Nc7+ Ke7 8. Nxa8 Ngf6 9. Bc4 Qa5+ 10. c3 b5
11. b4 Qa6 12. Nc7 Qc6 13. Qe2 bxc4 14. Nf3 Nd5 15. Nxd5+ Qxd5 16. O-O h6 17. a4 Nf6 18. Ne5 g5 19. Bg3 Bg7 20. Qxc4 Qxc4
21. Nxc4 Ne4 22. Rac1 Nxg3 23. hxg3 Rd8 24. Rfd1 Kf8 25. Ne5 Bxe5 26. dxe5 Rxd1+ 27. Rxd1 Kg7 28. c4 a6 29. c5 Kf8 30. Rd8+ Kg7
31. Rxc8 Kg6 32. g4 h5 33. Rg8+ Kh7 34. Rxg5 hxg4 35. Rxg4 Kh6 36. c6 Kh5 37. Rg3 Kh4 38. c7
1-0

[Event "Friendly Thematic Games"]
[Site "SchemingMind.com"]
[Date "2009.02.24"]
[Round "-"]
[White "Heidi"]
[Black "Shanks"]
[Result "0-1"]
[WhiteCountry "USA"]
[BlackCountry "ENG"]
[WhiteElo "993"]
[WhiteRD "71"]
[BlackElo "1472"]
[BlackRD "70"]
[GameID "193209"]

1. Nc3 d6 2. e4 g6 3. Nf3 Bg7 4. d4 Nd7 5. Be3 a6 6. Qd2 h5 7. Bc4 Nb6 8. Bb3 c6 9. O-O Nh6 10. h3 Ng8
11. Ng5 d5 12. Ne2 e6 13. Qd3 dxe4 14. Qxe4 Nf6 15. Qh4 Nbd5 16. Bd2 Bd7 17. Qg3 b5 18. Nf4 Nxf4 19. Nxf7 Kxf7 20. Qxf4 Bh6
21. Qd6 Bxd2 22. Bxe6+ Bxe6 23. Qxc6 Bd5 24. Qc5 Bh6 25. Rfe1 Bf8 26. Qc3 b4 27. Qg3 a5 28. Rad1 Kg7 29. Qe5 Rg8 30. Rd3 Kh7
31. g4 hxg4 32. hxg4 Nxg4 33. Qf4 Nh6 34. Rh3 g5 35. Qe5 Rc8 36. Rf3 Bxf3 37. Qe6 Bd5 38. Qe3 Qd7
0-1

[Event "Friendly Thematic Games"]
[Site "SchemingMind.com"]
[Date "2009.02.23"]
[Round "-"]
[White "lame wolf"]
[Black "jtrochez1"]
[Result "0-1"]
[WhiteCountry "INT"]
[BlackCountry "HON"]
[WhiteElo "1107"]
[WhiteRD "47"]
[BlackElo "1580"]
[BlackRD "48"]
[GameID "193400"]

1. Nc3 Nf6 2. d4 d5 3. Nf3 Nc6 4. Qd3 h6 5. e4 Nb4 6. a3 Nxd3+ 7. Kd2 Nxf2 8. Ke2 Nxh1 9. e5 Ne4 10. Nxe4 dxe4
11. Nd2 Qxd4 12. Kd1 Nf2+ 13. Ke1 e3 14. Nf3 Qd1#
0-1

[Event "Friendly Thematic Games"]
[Site "SchemingMind.com"]
[Date "2009.02.25"]
[Round "-"]
[White "lame wolf"]
[Black "Shanks"]
[Result "0-1"]
[WhiteCountry "INT"]
[BlackCountry "ENG"]
[WhiteElo "1075"]
[WhiteRD "42"]
[BlackElo "1472"]
[BlackRD "70"]
[GameID "193402"]

1. Nc3 d5 2. d4 Nf6 3. g3 c6 4. Bg2 Nbd7 5. e4 dxe4 6. f3 exf3 7. Nxf3 e6 8. Bg5 Be7 9. Ne5 Nxe5 10. dxe5 Qxd1+
11. Nxd1 Nd7 12. Bxe7 Kxe7 13. Nc3 Nxe5 14. O-O-O Re8 15. Rhf1 Kf8 16. Rfe1 Ng6 17. g4 Kg8 18. h3 a5 19. a4 Nh4 20. Ne4 Nxg2
21. Re2 Nf4 22. Re3 Nd5 23. Re2 Re7 24. Nc5 g6 25. c4 Nb4 26. b3 b6 27. Ne4 c5 28. Nf6+ Kg7 29. Ne4 Nc6 30. Nd6 Nd4
31. Re5 Bd7 32. Nb5 Nxb3+ 33. Kc2 Nd4+ 34. Nxd4 cxd4 35. Rxd4 Bxa4+ 36. Kc3 Bd7 37. c5 bxc5 38. Rxc5 a4 39. Kb2 a3+ 40. Ka2 e5
41. Re4 Be6+ 42. Ka1 Bd7 43. Rc7 a2 44. h4 Kf8 45. g5 Bf5 46. Rxe7 Bxe4 47. Rxe5 Bf5
0-1

[Event "Friendly Thematic Games"]
[Site "SchemingMind.com"]
[Date "2009.02.21"]
[Round "-"]
[White "lame wolf"]
[Black "maro"]
[Result "0-1"]
[WhiteCountry "INT"]
[BlackCountry "MEX"]
[WhiteElo "1061"]
[WhiteRD "48"]
[BlackElo "1326"]
[BlackRD "50"]
[GameID "193403"]

1. Nc3 Nc6 2. d4 d5 3. e4 dxe4 4. Nxe4 Nxd4 5. Bd3 e5 6. c3 c6 7. cxd4 Qxd4 8. f3 Bb4+ 9. Ke2 Nf6 10. Nxf6+ gxf6
11. Qb3 Be6 12. Qc2 e4
0-1

[Event "Friendly Thematic Games"]
[Site "SchemingMind.com"]
[Date "2009.02.21"]
[Round "-"]
[White "lame wolf"]
[Black "Norsland"]
[Result "0-1"]
[WhiteCountry "INT"]
[BlackCountry "USA"]
[WhiteElo "1107"]
[WhiteRD "47"]
[BlackElo "1914"]
[BlackRD "74"]
[GameID "193404"]

1. Nc3 Nf6 2. d4 c5 3. e3 e6 4. d5 exd5 5. Nxd5 Nxd5 6. Qxd5 d6 7. c4 Nc6 8. b3 Be6 9. Qd1 Be7 10. Bd3 Ne5
11. e4 Bf6 12. Bf4 Nxd3+ 13. Kd2 Nxf2 14. Qc2 Qa5+ 15. Ke3 Bd4+ 16. Kf3 h5 17. Bd2 Bg4+ 18. Kg3 h4+ 19. Kf4 g5+ 20. Kxg5 Qd8+
0-1

[Event "Friendly Thematic Games"]
[Site "SchemingMind.com"]
[Date "2009.02.21"]
[Round "-"]
[White "lame wolf"]
[Black "Heidi"]
[Result "1-0"]
[WhiteCountry "INT"]
[BlackCountry "USA"]
[WhiteElo "1061"]
[WhiteRD "48"]
[BlackElo "946"]
[BlackRD "62"]
[GameID "193405"]

1. Nc3 d5 2. d4 Nf6 3. g3 Bf5 4. Bg2 e6 5. f3 Bb4 6. Bd2 Nc6 7. g4 Nxg4 8. fxg4 Bxg4 9. Bf3 Bf5 10. e4 Bh3
11. Nxh3 Nxd4 12. Be3 Nc6 13. Qd3 O-O 14. O-O-O d4 15. Bxd4 Nxd4 16. Nb5 Nc6 17. Qxd8 Rfxd8 18. a3 Bc5 19. Rxd8+ Nxd8 20. Nxc7 Rc8
21. Nb5 a6 22. Nc3 Nc6 23. b4 Nxb4 24. axb4 Bxb4 25. Na4 Rd8 26. c3 h6 27. cxb4 g5 28. Rd1 Rc8+ 29. Kb2 f5 30. exf5 exf5
31. Bxb7 Rf8 32. Rd6 Kg7 33. Rd7+ Kf6 34. Nc5 g4 35. Nf2
1-0

[Event "Friendly Thematic Games"]
[Site "SchemingMind.com"]
[Date "2009.02.22"]
[Round "-"]
[White "jtrochez1"]
[Black "lame wolf"]
[Result "1-0"]
[WhiteCountry "HON"]
[BlackCountry "INT"]
[WhiteElo "1580"]
[WhiteRD "48"]
[BlackElo "1107"]
[BlackRD "47"]
[GameID "193406"]

1. Nc3 d5 2. d4 g6 3. Nf3 Bg7 4. e3 c5 5. h3 c4 6. Be2 e6 7. Bd2 Bd7 8. O-O f6 9. e4 dxe4 10. Nxe4 Qe7
11. Bxc4 f5 12. Nc3 Bc6 13. Re1 Bd7 14. Nd5 Kf8 15. Nxe7 Nxe7 16. Bxe6 Bxe6 17. Rxe6 Nd7 18. Bb4 Ke8 19. Rxe7+ Kd8 20. Rxg7 Rc8
21. Qe2 Rc6 22. Qe7+
1-0

[Event "Friendly Thematic Games"]
[Site "SchemingMind.com"]
[Date "2009.02.23"]
[Round "-"]
[White "Shanks"]
[Black "lame wolf"]
[Result "1-0"]
[WhiteCountry "ENG"]
[BlackCountry "INT"]
[WhiteElo "1472"]
[WhiteRD "70"]
[BlackElo "1075"]
[BlackRD "42"]
[GameID "193408"]

1. Nc3 d5 2. d4 e6 3. Nf3 Bb4 4. a3 Bxc3+ 5. bxc3 Nc6 6. g3 Qe7 7. Bg2 Nf6 8. O-O e5 9. dxe5 Nxe5 10. Nxe5 Be6
11. Bd2 Qd6 12. Nd3 O-O 13. Bf4 Qe7 14. Be5 c6 15. Bxf6 Qxf6 16. Qd2 Qe7 17. Nf4 Bd7 18. e3 b5 19. a4 bxa4 20. Rxa4 Be6
21. Nxe6 Qxe6 22. Raa1 a5 23. Rfe1 Rfd8 24. Rab1 c5 25. Rb5 c4 26. Qc1 a4 27. Qa3 Qc6 28. Rbb1 Rdb8 29. Rxb8+ Rxb8 30. Qa1 g5
31. e4 Ra8 32. exd5 Qxd5 33. Bxd5
1-0

[Event "Friendly Thematic Games"]
[Site "SchemingMind.com"]
[Date "2009.02.21"]
[Round "-"]
[White "maro"]
[Black "lame wolf"]
[Result "1-0"]
[WhiteCountry "MEX"]
[BlackCountry "INT"]
[WhiteElo "1326"]
[WhiteRD "50"]
[BlackElo "1061"]
[BlackRD "48"]
[GameID "193409"]

1. Nc3 d5 2. e4 d4 3. Nd5 e6 4. Nf4 Nc6 5. Bc4 Bc5 6. d3 e5 7. Nd5 Nge7 8. Bg5 Be6 9. Nf6+ gxf6 10. Bxf6 Bxc4
11. dxc4 Qd6 12. Bxh8
1-0

[Event "Friendly Thematic Games"]
[Site "SchemingMind.com"]
[Date "2009.02.21"]
[Round "-"]
[White "Norsland"]
[Black "lame wolf"]
[Result "1-0"]
[WhiteCountry "USA"]
[BlackCountry "INT"]
[WhiteElo "1901"]
[WhiteRD "84"]
[BlackElo "1061"]
[BlackRD "48"]
[GameID "193410"]

1. Nc3 d5 2. e4 d4 3. Nce2 e5 4. Ng3 Be6 5. Nf3 g5 6. Nxe5 Bg7 7. Nd3 h6 8. Be2 Nc6 9. O-O Nge7 10. b3 g4
11. Bxg4 Bxg4 12. Qxg4 Ne5 13. Qxg7 N5g6 14. Ne5 Nxe5 15. Qxh8+ Kd7 16. Qxe5 Ke8 17. Nf5
1-0

[Event "Friendly Thematic Games"]
[Site "SchemingMind.com"]
[Date "2009.02.21"]
[Round "-"]
[White "Heidi"]
[Black "lame wolf"]
[Result "1/2-1/2"]
[WhiteCountry "USA"]
[BlackCountry "INT"]
[WhiteElo "946"]
[WhiteRD "62"]
[BlackElo "1061"]
[BlackRD "48"]
[GameID "193411"]

1. Nc3 d5 2. d4 Nf6 3. Nf3 e6 4. Bf4 Bb4 5. Qd3 O-O 6. Ng5 Ne4 7. O-O-O g6 8. f3 Nf2 9. Bg3 Nxh1 10. Be5 Nf2
11. Qe3 Nxd1 12. Kxd1 Bxc3 13. Qxc3 Na6 14. f4 Qe7 15. e4 Qb4 16. Qh3 h5 17. f5 exf5 18. exf5 Bxf5 19. c3 Qxb2 20. Qf3 Qc2+
21. Ke1 Qxa2 22. Be2 Rad8 23. g4 Qb1+ 24. Kf2 Qc2 25. gxf5 Qxf5 26. Bf4 f6 27. Nh3 Kf7 28. Bd3 c5 29. Ng5+ fxg5 30. Bxf5 gxf5
31. Bxg5 Rd7 32. Qxf5+ Ke8 33. Qf6 Rxf6+ 34. Bxf6 cxd4 35. Bxd4 Nc7 36. Bxa7 d4 37. cxd4 Nb5 38. Bc5 Nxd4 39. Bxd4 Rxd4 40. Kg3=
1/2-1/2

[Event "Friendly Thematic Games"]
[Site "SchemingMind.com"]
[Date "2009.03.03"]
[Round "-"]
[White "marble"]
[Black "lame wolf"]
[Result "1-0"]
[WhiteCountry "ENG"]
[BlackCountry "INT"]
[WhiteElo "1915"]
[WhiteRD "56"]
[BlackElo "1107"]
[BlackRD "47"]
[GameID "194946"]

1. Nc3 e5 2. e4 Nf6 3. Nf3 d6 4. d4 exd4 5. Nxd4 d5 6. e5 Ne4 7. Nxe4 dxe4 8. Bf4 Bf5 9. Nxf5 f6 10. Qg4 Be7
11. Nxg7+ Kf7 12. Bc4+ Kf8 13. Ne6+
1-0